Quantum Mechanics, Algebras, and Distributions

Αποθηκεύτηκε σε:
Λεπτομέρειες βιβλιογραφικής εγγραφής
Κύριος συγγραφέας: Dubin, D. A.
Άλλοι συγγραφείς: Hennings, M. A. (Mark A.) 1959-
Μορφή: Βιβλίο
Γλώσσα:English
Δημοσίευση: Harlow, Essex, England : New York, NY : Longman Scientific & Technical, Copublished in the U.S. with J. Wiley, 1990
Σειρά:Pitman research notes in mathematics series ; ; 238
Θέματα:
Ετικέτες: Προσθήκη ετικέτας
Δεν υπάρχουν, Καταχωρήστε ετικέτα πρώτοι!

MARC

LEADER 00000cam a2200000 i 4500
001 1/39198
008 941103s1990 eng d
020 |a 0582067766 
020 |a 0470216891 
035 |l 10040950 
035 |a 1993 
040 |a GR-MY-UA  |b gre  |e aacr 
041 0 |a eng 
082 0 |a 530.12  |2 (20) 
100 1 |a Dubin, D. A. 
245 1 0 |a Quantum Mechanics, Algebras, and Distributions /  |c D.A. Dubin & M.A. Hennings 
260 |a Harlow, Essex, England :   |a New York, NY :   |b Longman Scientific & Technical,   |b Copublished in the U.S. with J. Wiley,   |c 1990 
300 |a 238 p.;  |c 25 cm 
490 1 |a Pitman research notes in mathematics series  |v ; 238 
504 |a Includes bibliographical references (p. 224-233) and index 
650 0 0 |a Quantum theory. 
650 0 0 |a Topological algebras. 
700 1 |a Hennings, M. A.  |q (Mark A.)  |d 1959- 
830 0 |a Pitman research notes in mathematics series ;  |v ; 238 
852 |a INST  |b SAMOS  |e 19941103  |h 530.12 DUB  |p 005300007271  |q 005300007271  |t BK  |y 0 
909 |a Σ  |b 030664